| 000 | 00793nam a2200169 a 4500 | ||
|---|---|---|---|
| 008 | 131011s1998 ||||||||||||||||| || u | ||
| 050 | _aGOV.ZAM.H4(058) | ||
| 110 | _aGovernment of the Republic of Zambia. Ministry of Health | ||
| 245 | 1 | 0 |
_aDistrict health planning guide _cby Government of the Republic of Zambia, Ministry of Health [MOH] |
| 260 |
_aLusaka: _bGovernment of the Republic of Zambia, Ministry of Health _c1998 |
||
| 300 | _a50p.: ill. | ||
| 362 | 1 | _a<p>1999, Vol. 1</p> | |
| 500 | _aCentral Board of Health | ||
| 650 | _aHEALTH--STRATEGIC PLANS--HANBOOKS, MANUALS, ETC | ||
| 650 | _aHEALTH--STRATEGIC PLANS--ZAMBIA | ||
| 995 |
_aSPECIAL COLLECTIONS _e1065 _FCBU-SCHOOL OF MEDICINE LIBRARY (Ndola) _jGOV.ZAM.H4(058)DHPG/1999 _M1 _UAVAILABLE _WNov 6, 2013 _yB1065 _ZZambiana Collection |
||
| 999 |
_c31283 _d31283 |
||